Економіко-математичні методи та моделі в фінансах (Запис № 362444)

МАРК-запис
000 -Лідер
fixed length control field 01455nam a22002777a 4500
001 - Контрольний номер
control field 76139
003 - Ідентифікатор контрольного номера
control field UA-OsUOA
005 - Дата та час останнього входження (трансакції)
control field 20230504161318.0
007 - Фіксоване поле фізичного опису
fixed length control field ta
008 - Елементи даних фіксованої довжини – загальна інформація
fixed length control field 20110615b un ||||| |||| 00| 0 ukr d
020 ## - Міжнародний стандартний книжковий номер (ISBN)
Міжнародний стандартний книжковий номер (ISBN) (НП) 9789663512130
040 ## - Джерело каталогізації
Агенція оригінальної каталогізації UA-OsUOA
Мова каталогізації ukr
Агенція, яка здійснювала перезапис UA-OsUOA
Агенція, яка здійснювала модифікацію UA-OsUOA
041 ## - Код мови
Код мови тексту/ звукової доріжки чи окремого заголовка (П) ukr
080 ## - Індекс Універсальної десяткової класифікації
Індекс Універсальної десяткової класифікації (УДК) (НП) 330.4:519.86
090 ## - Локальний шифр розміщення
Класифікаційний індекс УДК 330.4:519.86
Авторський знак (НП) Б48
100 ## - Основне введення – ім’я особи
Ім’я особи (НП) Бережна Л. В.
245 ## - Відомості про назву
Назва (НП) Економіко-математичні методи та моделі в фінансах
Решта назви (НП) навчальний посібник
Дані про відповідальність (НП) Бережна Л. В., Снитюк О. І.
260 ## - Публікація, розповсюдження і т.п. (Вихідні дані)
Місце публікації, розповсюдження і т.п. (П) К.
Ім’я/ наймення видавництва, розповсюджувача і т.п. (П) Кондор
Дата публікації, розповсюдження і т.п. (П) 2009
300 ## - Фізичний опис
Обсяг 301 с.
520 ## - Резюме і т.п.
Резюме, реферат, анотація, тощо (НП) У навчальному посібнику розглядаються принципи і методи моделювання та управління фінансовими процесами. Наведена класифікація економіко-математичних методів та моделей. Запропоновані методи і моделі розв’язання задач, пов’язаних з бюджетними процесами, банківською діяльністю, страхуванням, податками.
650 #7 - Додаткове предметне введення – тематичний термін
Тематичний термін чи географічна назва, як елемент введення (НП) 330 Економіка взагалі
Джерело заголовка чи терміна UDC
700 ## - Додаткове введення – ім'я особи
Ім’я особи (НП) Снитюк О.І.
942 ## - Додаткові елементи входу (Коха)
Тип елемента Koha Книги
Source of classification or shelving scheme Universal Decimal Classification
955 ## - Код типу видання за змістом
Код типу видання за змістом (НП) Навчальні видання
Фонди
Стан вилучень Стан втрат Джерело класифікації або схеми стелажів Стан уражень Не для кредиту Постійне місце розташування Поточне розміщення Дата придбання Джерело придбання Вартість, звичайна ціна покупки Інвентарний номер Усього замовленно Повний номер виклику Штрих-код Дата останнього перегляду Ціна ефективна від Тип елемента Koha Дата останньої перевірки
    Universal Decimal Classification     ЧЗ - Читальна зала ЧЗ - Читальна зала 15/06/2011 78/2011 50.00 133046   330.4:519.86 Б48 133046 07/02/2022 15/06/2011 Книги  
    Universal Decimal Classification     ЧЗ - Читальна зала ЧЗ - Читальна зала 15/06/2011 78/2011 50.00 133047 2 330.4:519.86 Б48 133047 07/02/2022 15/06/2011 Книги 30/04/2020
    Universal Decimal Classification     ЧЗ - Читальна зала ЧЗ - Читальна зала 15/06/2011 78/2011 50.00 133048   330.4:519.86 Б48 133048 07/02/2022 15/06/2011 Книги  
    Universal Decimal Classification     ЧЗ - Читальна зала ЧЗ - Читальна зала 15/06/2011 78/2011 50.00 133049   330.4:519.86 Б48 133049 07/02/2022 15/06/2011 Книги